| 000 | 00865nam a2200217Ia 4500 | ||
|---|---|---|---|
| 003 | Ost | ||
| 005 | 20260507075759.0 | ||
| 008 | 260507s9999||||xx |||||||||||||| ||und|| | ||
| 020 | _a9789969537673 | ||
| 040 | _cfsecg | ||
| 041 | _aara | ||
| 082 | _a332.1 | ||
| 100 |
_aخاطر، طارق _eمؤلف |
||
| 245 | 0 |
_aاقتصاديات النقود والبنوك والأسواق المالية / _c طارق خاطر |
|
| 260 |
_aالجزائر: _bدار إيلياء للنشر والتوزيع, _c2024 |
||
| 300 |
_a244 صفحة؛ _bإيضاحات ؛ _c24 سم |
||
| 504 | _aببليوغرافيا: ص.ص 225-244 | ||
| 520 | _aالصيرفة الاسلامية والاستثمار المحلي، دور الصيرفة الاسلامية في دعم الاستثمار المحلي في ماليزيا | ||
| 653 | _aالصيارفة | ||
| 942 | _cكتاب | ||
| 999 |
_c46257 _d46257 |
||